000 00502nam a2200169Ia 4500
999 _c20734
_d20734
003 OSt
005 20200618095257.0
008 190216s9999||||xx |||||||||||||| ||und||
020 _a9788120721708
040 _coclc
082 _a954
_bBHA/E
100 _aBhattacherje, S B
_93027
245 0 _aEncyclopaedia Of Indian Events And Dates /
_cS B Bhattacherje
260 _bSterling Publications,
_c1999.
_aNew Delhi:
300 _a408p
942 _cBK
_2ddc
_h954
_iBHA/E
_k954
_mBHA/E